Т. 2; Тезисы докладов XX Всесоюзной конференции по эмиссионной электронике, Киев, 17-19 ноября 1987

Bibliografiske detaljer
Parent link:Тезисы докладов XX Всесоюзной конференции по эмиссионной электронике, Киев, 17-19 ноября 1987: в 2 т./ Академия наук СССР (АН СССР) ; Академия наук Украинской ССР (АН УССР), Институт физики (ИФ). Т. 2.— , 1987
Sprog:russisk
Udgivet: 1987
Fag:
Format: Bog
KOHA link:https://koha.lib.tpu.ru/cgi-bin/koha/opac-detail.pl?biblionumber=226380

MARC

LEADER 00000nam2a2200000 4500
001 226380
005 20231101230727.0
035 |a (RuTPU)RU\TPU\book\246755 
090 |a 226380 
100 |a 20121121d1987 k y0rusy50 ca 
101 0 |a rus 
102 |a UA 
105 |a a z 001zy 
200 0 |a Т. 2 
210 |d 1987 
215 |a 250 с.  |c ил. 
320 |a Библиография в конце статей 
461 1 |0 (RuTPU)RU\TPU\book\238215  |t Тезисы докладов XX Всесоюзной конференции по эмиссионной электронике, Киев, 17-19 ноября 1987  |o в 2 т.  |f Академия наук СССР (АН СССР) ; Академия наук Украинской ССР (АН УССР), Институт физики (ИФ)  |v Т. 2  |d 1987 
606 1 |a Электроника эмиссионная  |2 stltpush  |3 (RuTPU)RU\TPU\subj\20349  |9 45458 
610 1 |a твердые тела 
610 1 |a сплавы 
610 1 |a поверхности 
610 1 |a катоды 
610 1 |a ионы 
610 1 |a ионная эмиссия 
610 1 |a электроны 
610 1 |a приповерхностные области 
610 1 |a электронная структура 
610 1 |a конференции 
675 |a 621.38(063)  |v 3 
801 1 |a RU  |b 63413507  |c 20121121 
801 2 |a RU  |b 63413507  |c 20121123  |g RCR 
942 |c BK